000 00392nam a2200145Ia 4500
008 231217s9999 xx 000 0 und d
041 _aEnglish
082 _a006.6 STE;1
100 _aStevens, Roger T
245 0 _aGraphics programming in C: A comprehensive resource for every C programmer
260 _c1993
_bNew Delhi : BPB,
300 _a638
650 _aC Graphics
942 _cAA
999 _c162801
_d162801